000 01220nam a2200301 c 4500
003 BLK
005 20180422110337.0
008 180409b bul|||||r ||||||| ||bul||
010 _aKNG00121416000
040 _aBLK
041 _aBUL
_cBUL
080 _aМедицинска психология
_b61:159.9
_x(035)
_z61:159.9(035)
100 1 _aИванов, Владимир Борисов
_eпърви автор
_9372173
700 1 _aИванов, Владимир Борисов
_eпод ред. на
_9372173
139 _aМедицинска психология
_bМ 45
245 1 0 _aМедицинска психология
_bРъководство
_cВладимир Борисов Иванов; под ред. на Владимир Борисов Иванов.
257 _aBGR
260 София
_bМедицина и физкултура
_c1971
300 _a303 с.
_bс ил.
_c22 см
380 _a61
650 4 _aМедицинска психология
_9253338
653 _aмедицинска психология
852 _aЦб 59306
856 4 _qpdf
_u
856 4 _qpdf
_u
942 _cKNG
_n0
944 _aCR
_c05.02.2018
_kТеодора_Стоянова
944 _aED
_c05.02.2018
_kТеодора_Стоянова
999 _c115898
_d115898